<?xml version="1.0" encoding="UTF-8"?>
<record
    xmlns:xsi="http://www.w3.org/2001/XMLSchema-instance"
    xsi:schemaLocation="http://www.loc.gov/MARC21/slim http://www.loc.gov/standards/marcxml/schema/MARC21slim.xsd"
    xmlns="http://www.loc.gov/MARC21/slim">

  <leader>00805nam a22001577a 4500</leader>
  <controlfield tag="008">150508b        xxu||||| |||| 00| 0 eng d</controlfield>
  <datafield tag="020" ind1=" " ind2=" ">
    <subfield code="a">8493454125</subfield>
  </datafield>
  <datafield tag="082" ind1=" " ind2=" ">
    <subfield code="a">708</subfield>
    <subfield code="b">G 216d</subfield>
  </datafield>
  <datafield tag="100" ind1=" " ind2=" ">
    <subfield code="a">Gonz&#xE1;lez Sancho, Eva (curadora) </subfield>
    <subfield code="9">2580</subfield>
  </datafield>
  <datafield tag="245" ind1=" " ind2=" ">
    <subfield code="a">Dora Garcia si/yes/oui  no/no/non</subfield>
    <subfield code="b">El futuro debe ser peligroso. The future must be dangerous.Le futur doit etre dangereux</subfield>
    <subfield code="c">Gonz&#xE1;lez Sancho, Eva (curadora) </subfield>
  </datafield>
  <datafield tag="260" ind1=" " ind2=" ">
    <subfield code="a">Le&#xF3;n Espa&#xF1;a</subfield>
    <subfield code="b">MUSAC. Museo de Arte Contempor&#xE1;neo de Castilla y Le&#xF3;n</subfield>
    <subfield code="c">2005</subfield>
  </datafield>
  <datafield tag="300" ind1=" " ind2=" ">
    <subfield code="a">237 p.</subfield>
    <subfield code="b">ill. (color)</subfield>
    <subfield code="c">17x24 cm</subfield>
  </datafield>
  <datafield tag="505" ind1=" " ind2=" ">
    <subfield code="r">Edwin Carels</subfield>
    <subfield code="r">Peter Doroshenko</subfield>
    <subfield code="r">Guillaume Mansart</subfield>
    <subfield code="r">Agust&#xED;n P&#xE9;rez Rubio</subfield>
    <subfield code="r">Francois Piron</subfield>
  </datafield>
  <datafield tag="650" ind1=" " ind2=" ">
    <subfield code="x">Garcia, Dora-1965-Exhibiciones</subfield>
    <subfield code="x">Arte moderno</subfield>
    <subfield code="x">Museo de Arte Contemporaneo de Castilla y Le&#xF3;n</subfield>
    <subfield code="9">2581</subfield>
  </datafield>
  <datafield tag="700" ind1=" " ind2=" ">
    <subfield code="a">Eva Gonz&#xE1;lez Sancho (curadora) </subfield>
    <subfield code="9">2582</subfield>
  </datafield>
  <datafield tag="999" ind1=" " ind2=" ">
    <subfield code="c">570</subfield>
    <subfield code="d">570</subfield>
  </datafield>
  <datafield tag="952" ind1=" " ind2=" ">
    <subfield code="0">0</subfield>
    <subfield code="1">0</subfield>
    <subfield code="2">ddc</subfield>
    <subfield code="4">0</subfield>
    <subfield code="7">0</subfield>
    <subfield code="a">LV</subfield>
    <subfield code="b">LV</subfield>
    <subfield code="c">Monograf&#xED;as</subfield>
    <subfield code="d">2015-05-08</subfield>
    <subfield code="l">0</subfield>
    <subfield code="o">708 G 216d</subfield>
    <subfield code="p">000789</subfield>
    <subfield code="r">2015-05-08 00:00:00</subfield>
    <subfield code="w">2015-05-08</subfield>
    <subfield code="y">01</subfield>
  </datafield>
</record>
